Fo fa yao lun /

Saved in:
Bibliographic Details
Main Author: Feng, Baoying.
Format: Book
Language:Chinese
Published: Shaoxing : Da yun Fo xue she chu ban bu, Min guo 15 [1926]
Subjects:
Tags: Add Tag
No Tags, Be the first to tag this record!
LEADER 00700cam a2200217ui 4500
001 007770098-8
005 20024617112705.0
008 980420s1926 cc 000 0 chi d
035 0 |a ocm38979050 
040 |a *YNH*  |c *YNH*  |d CStRLIN 
100 1 |6 880-01  |a Feng, Baoying. 
245 1 0 |6 880-02  |a Fo fa yao lun /  |c Feng Baoying zhu. 
260 |6 880-03  |a Shaoxing :  |b Da yun Fo xue she chu ban bu,  |c Min guo 15 [1926] 
300 |a 2, 43 double leaves ;  |c 27 cm. 
650 0 |a Buddha (The concept) 
650 0 |a Buddhism. 
880 1 |6 100-01  |a 馮寶瑛. 
880 1 0 |6 245-02  |a 佛法要論 /  |c 馮寶瑛著. 
880 |6 260-03  |a 紹興 :  |b 大雲佛學社出版部,  |c 民國15 [1926] 
988 |a 20021121 
906 |0 MH